000 00219nam a2200085Ia 4500
008 120527s9999 xx 000 0 und d
100 _aSCHELLENBERGER,A.
245 _aThiamin pyrophosphate biochemistry vol I.
942 _cBK
999 _c23904
_d23904